[Event "INDIAN OPEN (superfast) KO#4"]
[Site "SchemingMind.com"]
[Date "2015.03.25"]
[Round "-"]
[White "Ramesh Panwar"]
[Black "Helga1946"]
[Result "1/2-1/2"]
[WhiteCountry "IND"]
[BlackCountry "GER"]
[WhiteElo "2342"]
[WhiteRD "55"]
[BlackElo "2194"]
[BlackRD "77"]
[GameID "377112"]

1. e4 c5 2. Nf3 Nc6 3. Bb5 g6 4. Nc3 Bg7 5. O-O Nd4 6. Bc4 d6 7. Nxd4 cxd4 8. Ne2 Nf6 9. d3 d5 10. Bb5+ Nd7
11. exd5 a6 12. Bxd7+ Qxd7 13. Nf4 b5 14. Bd2 O-O 15. Re1 Bb7 16. h3 Qd6 17. a4 Bf6 18. Qg4 Rfc8 19. Rec1 Bxd5 20. axb5 axb5
21. Rxa8 Rxa8 22. Nxd5 Qxd5 23. Qe4 Qxe4 24. dxe4 Ra2 25. Rb1 d3 26. c3 b4 27. cxb4 Bxb2 28. Be3 Bc3 29. b5 d2 30. Kf1 Rb2
31. Rd1 Rxb5=
1/2-1/2

[Event "INDIAN OPEN (superfast) KO#4"]
[Site "SchemingMind.com"]
[Date "2015.03.24"]
[Round "-"]
[White "Helga1946"]
[Black "Ramesh Panwar"]
[Result "1-0"]
[WhiteCountry "GER"]
[BlackCountry "IND"]
[WhiteElo "2194"]
[WhiteRD "77"]
[BlackElo "2342"]
[BlackRD "55"]
[GameID "377113"]

1. c4 e6 2. d4 Nf6 3. Nc3 Bb4 4. Qc2 O-O 5. Nf3 d5 6. e3 c5 7. dxc5 Bxc5 8. b3 Nc6 9. Bb2 d4 10. Nxd4 Bxd4
11. exd4 Nxd4 12. Qd2 e5 13. Bd3 Bg4 14. O-O Re8 15. Kh1 Rc8 16. f3 Bf5 17. Bxf5 Nxf5 18. Rad1 Qd4 19. Rfe1 h6 20. Qxd4 exd4
21. Nb5 Rxe1+ 22. Rxe1 Rd8 23. Rd1 Nh7 24. Kg1 Ng5 25. Nc7 Rd7 26. Nd5 Ne6 27. g4 Ne7 28. Nxe7+ Rxe7 29. Kf2 Rd7 30. f4 Nxf4
31. Rxd4 Rxd4 32. Bxd4 a6 33. Ke3 Ne6 34. Ke4 Kf8 35. b4 f6 36. Bf2 g6 37. Bg3 Ke8 38. Kd5 Ke7 39. b5 Kd7 40. a3 axb5
41. cxb5 Nc7+ 42. Kc5 f5 43. Kb6 f4 44. Bxf4 Nd5+ 45. Kxb7 Nxf4 46. a4 Ne6 47. a5 Nc5+ 48. Kb8 Na4 49. h4 g5 50. h5 Kd6
51. Kb7 Nc5+ 52. Kc8 Kd5 53. Kc7
1-0

[Event "INDIAN OPEN (superfast) KO#4"]
[Site "SchemingMind.com"]
[Date "2015.03.31"]
[Round "-"]
[White "emvarela"]
[Black "Scooter"]
[Result "0-1"]
[WhiteCountry "ARG"]
[BlackCountry "USA"]
[WhiteElo "1679"]
[WhiteRD "50"]
[BlackElo "1713"]
[BlackRD "44"]
[GameID "377284"]

1. c4 Nf6 2. Nc3 g6 3. d4 Bg7 4. e4 d6 5. Nf3 Bg4 6. Be2 O-O 7. Be3 Nbd7 8. h3 Bxf3 9. Bxf3 e5 10. d5 a6
11. O-O Nc5 12. Bxc5 dxc5 13. Qb3 b6 14. Rfd1 Rb8 15. Rd2 Bh6 16. Rd3 Ne8 17. Rad1 Nd6 18. a4 Qc8 19. Bg4 Qb7 20. Be2 b5
21. axb5 axb5 22. Nxb5 Nxb5 23. cxb5 Qxb5 24. Qxb5 Rxb5 25. b3 Rfb8 26. Rb1 c4 27. Rc3 Rxb3 28. Rbc1 Bxc1 29. Rxc1 Rb1
0-1

[Event "INDIAN OPEN (superfast) KO#4"]
[Site "SchemingMind.com"]
[Date "2015.03.31"]
[Round "-"]
[White "Scooter"]
[Black "emvarela"]
[Result "1-0"]
[WhiteCountry "USA"]
[BlackCountry "ARG"]
[WhiteElo "1716"]
[WhiteRD "45"]
[BlackElo "1673"]
[BlackRD "49"]
[GameID "377285"]

1. d4 d5 2. Nf3 Nf6 3. Bf4 e6 4. e3 Bd6 5. Bxd6 Qxd6 6. c3 c5 7. Bb5+ Bd7 8. Bxd7+ Nbxd7 9. O-O cxd4 10. cxd4 O-O
11. Nbd2 Rac8 12. Rc1 Nb6 13. Rxc8 Rxc8 14. Qb1 h6 15. Rc1 Rxc1+ 16. Qxc1 Qc6 17. Qxc6 bxc6 18. Ne5 Na4 19. b3 Nc3 20. Nxc6 Nxa2
21. Nxa7 Nd7 22. Nc6 Nb6 23. b4 Kf8 24. Nb3 Nc3 25. Na7 f6 26. Nc5 Kf7 27. Kf1 g5 28. b5 e5 29. Ke1 exd4 30. exd4 Nc4
31. g4 Ne4 32. f3 Ned6 33. Na4 Ke7 34. b6 Nb7 35. Nc5 Ncd6 36. Kd2 Kd8 37. Kc3 Nxc5 38. dxc5 Nc4 39. Kd4 Kd7 40. c6+ Kd8
41. c7+
1-0

[Event "INDIAN OPEN (superfast) KO#4"]
[Site "SchemingMind.com"]
[Date "2015.03.28"]
[Round "-"]
[White "Quaff"]
[Black "ray winteringham"]
[Result "0-1"]
[WhiteCountry "ENG"]
[BlackCountry "ENG"]
[WhiteElo "1574"]
[WhiteRD "79"]
[BlackElo "1535"]
[BlackRD "50"]
[GameID "377349"]

1. e4 e5 2. Nf3 d6 3. Bc4 Nf6 4. d3 Be7 5. Bg5 Qd7 6. c3 Qg4 7. Bxf6 Bxf6 8. Nbd2 Qxg2 9. Rg1 Qh3 10. Qe2 Qd7
11. O-O-O b6 12. h4 Bb7 13. h5 Nc6 14. Ng5 Bxg5 15. Rxg5 g6 16. hxg6 hxg6 17. Qf3 Rf8 18. Rh1 O-O-O 19. a4 Na5 20. b3 Kb8
21. Kb2 Rh8 22. Rxh8 Rxh8 23. Qxf7 Nxc4+
0-1

[Event "INDIAN OPEN (superfast) KO#4"]
[Site "SchemingMind.com"]
[Date "2015.03.28"]
[Round "-"]
[White "ray winteringham"]
[Black "Quaff"]
[Result "1-0"]
[WhiteCountry "ENG"]
[BlackCountry "ENG"]
[WhiteElo "1535"]
[WhiteRD "50"]
[BlackElo "1574"]
[BlackRD "79"]
[GameID "377350"]

1. e4 e5 2. Nf3 d6 3. Bc4 h6 4. O-O Bg4 5. Bxf7+ Kxf7 6. Nxe5+ dxe5 7. Qxg4 Nf6 8. Qf5 Bd6 9. f4 Qd7 10. Qxd7+ Nbxd7
11. g4 Nxg4 12. fxe5+ Ke6 13. exd6 cxd6 14. b3 g5 15. Bb2 Rhg8 16. Nc3 Rac8 17. Rac1 Nc5 18. h3 Ne5 19. d4 Nxb3 20. d5+ Kd7
21. cxb3 Nd3 22. Rb1 Nxb2 23. Rf7+ Ke8 24. Rxb7 Rxc3 25. Rxb2 Rxh3 26. Rxa7 Rc3 27. Rh7 Rg6 28. Rf2 Rg8 29. Rxh6 g4 30. Rxd6 g3
31. Rff6 g2 32. Rfe6+ Kf8 33. Rd8+
1-0

[Event "INDIAN OPEN (superfast) KO#4"]
[Site "SchemingMind.com"]
[Date "2015.03.29"]
[Round "-"]
[White "Stephen Woodhouse"]
[Black "AK-49"]
[Result "0-1"]
[WhiteCountry "ENG"]
[BlackCountry "IND"]
[WhiteElo "1873"]
[WhiteRD "50"]
[BlackElo "2071"]
[BlackRD "92"]
[GameID "377396"]

1. e4 e5 2. Nf3 Nf6 3. d4 Nxe4 4. Bd3 d5 5. Nxe5 Bd6 6. O-O O-O 7. c4 Bxe5 8. dxe5 Nc6 9. cxd5 Qxd5 10. Qc2 Nb4
11. Bxe4 Nxc2 12. Bxd5 Bf5 13. g4 Bxg4 14. Be4 Nxa1 15. Bf4 f6 16. Nc3 fxe5 17. Bxe5 Rae8 18. Bxc7 Rf7 19. Bg3 Rxe4 20. Nxe4 Nc2
21. Rc1 Nd4 22. Rc7 Ne2+ 23. Kg2 Bf3+
0-1

[Event "INDIAN OPEN (superfast) KO#4"]
[Site "SchemingMind.com"]
[Date "2015.03.29"]
[Round "-"]
[White "AK-49"]
[Black "Stephen Woodhouse"]
[Result "1-0"]
[WhiteCountry "IND"]
[BlackCountry "ENG"]
[WhiteElo "2071"]
[WhiteRD "92"]
[BlackElo "1873"]
[BlackRD "50"]
[GameID "377397"]

1. d4 e6 2. c4 d5 3. Nc3 c5 4. Nf3 Nc6 5. Bf4 cxd4 6. Nxd4 Bb4 7. Nxc6 bxc6 8. cxd5 exd5 9. Qd4 Bxc3+ 10. Qxc3 Nf6
11. Qxc6+ Bd7 12. Qc7 Qxc7 13. Bxc7 Rc8 14. Be5 Ke7 15. e3 Bf5 16. Bc3 Rhd8 17. f3 g6 18. g4 Be6 19. Ba6 Rc6 20. Bb4+ Kd7
21. Bb5
1-0

[Event "INDIAN OPEN (superfast) KO#4"]
[Site "SchemingMind.com"]
[Date "2015.03.28"]
[Round "-"]
[White "lemme howdt"]
[Black "Keglevich"]
[Result "0-1"]
[WhiteCountry "USA"]
[BlackCountry "CRO"]
[WhiteElo "1503"]
[WhiteRD "83"]
[BlackElo "1894"]
[BlackRD "157"]
[GameID "377411"]

1. e4 e5 2. Nf3 Nc6 3. Bc4 Bc5 4. c3 Nf6 5. d4 exd4 6. cxd4 Bb4+ 7. Nc3 Nxe4 8. O-O Bxc3 9. bxc3 d5 10. Bb3 O-O
11. Re1 Bf5 12. Re3 Na5 13. Ba3 Nxb3 14. Qxb3 Re8 15. Qxb7 Rb8 16. Qa6 Nf6 17. Rxe8+ Qxe8 18. Re1 Qc8 19. Qxc8+ Rxc8 20. Bc5 a6
21. h3 Rb8 22. Re7 c6 23. Ra7 Rb1+ 24. Kh2 h6 25. Rxa6 Rb2 26. Ne5 Rxf2 27. Ra8+ Kh7 28. Nxf7 Be4 29. Kg3 Rxg2+ 30. Kf4 Rf2+
31. Ke5 Nd7+ 32. Ke6 Nxc5+ 33. dxc5 Rf6+ 34. Ke5 Rxf7 35. a4 Rf1 36. a5 Bd3 37. Kd6 Rf6+ 38. Kc7 g5 39. Re8 h5 40. Re3 Bb5
41. Rg3 Kh6 42. Kb6 Rg6 43. a6 Bxa6 44. Kxa6 g4 45. h4 Rf6 46. Kb6 Rf3 47. Rg2 Rxc3 48. Kxc6 d4 49. Kd6 d3 50. Rd2 g3
51. c6 g2 52. Rxg2 Rc2 53. c7 d2 54. Rxd2 Rxd2+ 55. Ke7 Rc2 56. Kd7 Kg6 57. c8=Q Rxc8 58. Kxc8 Kf5 59. Kd7 Kg4 60. Ke6 Kxh4
61. Kf5 Kg3
0-1

[Event "INDIAN OPEN (superfast) KO#4"]
[Site "SchemingMind.com"]
[Date "2015.03.28"]
[Round "-"]
[White "Keglevich"]
[Black "lemme howdt"]
[Result "1-0"]
[WhiteCountry "CRO"]
[BlackCountry "USA"]
[WhiteElo "1894"]
[WhiteRD "157"]
[BlackElo "1503"]
[BlackRD "83"]
[GameID "377412"]

1. e4 e5 2. Nf3 Nc6 3. Bb5 a6 4. Ba4 Nf6 5. O-O Bc5 6. Bxc6 bxc6 7. Nxe5 d6 8. Nxc6 Qd7 9. Na5 Qb5 10. Nb3 O-O
11. Nc3 Qb6 12. Nxc5 Qxc5 13. Qf3 Bb7 14. d3 Rfe8 15. Be3 Qe5 16. Qg3 Qxg3 17. hxg3 Ng4 18. Rfe1 Re6 19. f3 Ne5 20. Bf4 Nc6
21. Nd5 Rc8 22. c3 h6 23. b4 g5 24. Bd2 Ne5 25. d4 Nc4 26. Red1 c6 27. Ne3 Na3 28. Bc1 Nb5 29. Bb2 f5 30. Nxf5 Rf8
31. a4 Nc7 32. c4 d5 33. c5 dxe4 34. fxe4 Rxe4 35. Nd6 Re2 36. Rf1 Rxb2 37. Rxf8+ Kxf8 38. Rf1+ Ke7 39. Rf7+ Ke6 40. Rxc7 Rxb4
41. Rxb7 Rxd4 42. Rb6 Rxa4 43. Rxc6 Kd5 44. Rc8 Ra1+ 45. Kf2 Ra2+ 46. Kf3 a5 47. Nb7 a4 48. c6 Rc2 49. Rd8+ Ke6 50. Ra8 Rxc6
51. Nd8+
1-0

[Event "INDIAN OPEN (superfast) KO#4"]
[Site "SchemingMind.com"]
[Date "2015.03.30"]
[Round "-"]
[White "Phillip Beckett"]
[Black "kenneth m day"]
[Result "0-1"]
[WhiteCountry "ENG"]
[BlackCountry "USA"]
[WhiteElo "1569"]
[WhiteRD "46"]
[BlackElo "1792"]
[BlackRD "50"]
[GameID "377507"]

1. e4 e5 2. Nf3 Nc6 3. Bb5 f5 4. Bxc6 dxc6 5. Nxe5 Nf6 6. exf5 Qd5 7. O-O Bxf5 8. Nf3 O-O-O 9. d3 Bg4 10. Nbd2 Bd6
11. h3 Bh5 12. Re1 g5 13. g4 Bg6 14. d4 h5 15. c4 Qf7 16. Nxg5 Qd7 17. Nge4 Nxe4 18. Nxe4 hxg4 19. Nxd6+ cxd6 20. Qxg4 Bf5
21. Qf3 Rxh3 22. Qg2 Qh7 23. Bg5 Rg8 24. Kf1 Bd3+ 25. Kg1 Qh5 26. f4 Bxc4 27. Kf2 Rh2 28. Rh1 Qe2+ 29. Kg1 Rxg2#
0-1

[Event "INDIAN OPEN (superfast) KO#4"]
[Site "SchemingMind.com"]
[Date "2015.03.30"]
[Round "-"]
[White "kenneth m day"]
[Black "Phillip Beckett"]
[Result "1-0"]
[WhiteCountry "USA"]
[BlackCountry "ENG"]
[WhiteElo "1792"]
[WhiteRD "50"]
[BlackElo "1569"]
[BlackRD "46"]
[GameID "377508"]

1. e4 e5 2. f4 Qh4+ 3. g3 Qe7 4. d3 exf4 5. Bxf4 d5 6. Nc3 c6 7. Qe2 dxe4 8. O-O-O Nf6 9. dxe4 Bg4 10. Nf3 Nbd7
11. Bg2 O-O-O 12. h3 Bxf3 13. Qxf3 Ne5 14. Qe3 Nc4 15. Qxa7 Rxd1+ 16. Rxd1 Qb4 17. Qb8#
1-0

[Event "INDIAN OPEN (superfast) KO#4"]
[Site "SchemingMind.com"]
[Date "2015.03.31"]
[Round "-"]
[White "renegade"]
[Black "fouche"]
[Result "1-0"]
[WhiteCountry "ENG"]
[BlackCountry "COL"]
[WhiteElo "1896"]
[WhiteRD "80"]
[BlackElo "1560"]
[BlackRD "59"]
[GameID "377523"]

1. c4 e6 2. g3 Nc6 3. Bg2 Nf6 4. Nc3 a6 5. d4 Be7 6. e4 d5 7. cxd5 exd5 8. e5 Nd7 9. Nxd5 O-O 10. Nf3 Re8
11. O-O Nb6 12. Nxe7+ Rxe7 13. Bg5 Nd5 14. Qb3 Be6 15. Bxe7 Ndxe7 16. Qxb7 Bd5 17. Nd2 Nxd4 18. Bxd5 Nxd5 19. Kg2 Rb8 20. Qxa6 Rxb2
21. Nc4 Rc2 22. Rfd1 Nf5 23. Kg1 Nfe7 24. Ne3 h6 25. Nxc2
1-0

[Event "INDIAN OPEN (superfast) KO#4"]
[Site "SchemingMind.com"]
[Date "2015.03.30"]
[Round "-"]
[White "fouche"]
[Black "renegade"]
[Result "0-1"]
[WhiteCountry "COL"]
[BlackCountry "ENG"]
[WhiteElo "1560"]
[WhiteRD "59"]
[BlackElo "1896"]
[BlackRD "80"]
[GameID "377524"]

1. d4 b6 2. g3 Bb7 3. Nf3 e6 4. Bg2 Nf6 5. O-O c5 6. c3 d5 7. Nbd2 cxd4 8. Nxd4 Nbd7 9. N2f3 Be7 10. Bf4 O-O
11. Rc1 Ne4 12. Re1 Bf6 13. Rc2 e5 14. Bc1 exd4 15. Nxd4 Re8 16. f3 Nd6 17. Bf4 Nc5 18. b4 Na4 19. Bxd6 Qxd6 20. e4 dxe4
21. fxe4 Rad8 22. a3 Nxc3 23. Qd3 Qxd4+ 24. Qxd4 Bxd4+ 25. Kh1 Bxe4 26. Bxe4 Rxe4
0-1

[Event "INDIAN OPEN (superfast) KO#4"]
[Site "SchemingMind.com"]
[Date "2015.04.01"]
[Round "-"]
[White "MazetaFighter"]
[Black "frankly"]
[Result "0-1"]
[WhiteCountry "GRE"]
[BlackCountry "ENG"]
[WhiteElo "2008"]
[WhiteRD "76"]
[BlackElo "2421"]
[BlackRD "63"]
[GameID "377716"]

1. e4 c5 2. Nf3 Nc6 3. d4 cxd4 4. Nxd4 e5 5. Nb5 d6 6. c4 Be7 7. N1c3 a6 8. Na3 f5 9. exf5 Bxf5 10. Nc2 Nf6
11. Ne3 Be6 12. Bd3 O-O 13. O-O Qd7 14. Ned5 Bd8 15. Nxf6+ Bxf6 16. Nd5 Bxd5 17. cxd5 Nd4 18. Be3 g6 19. Be4 Rac8 20. Qd3 Nc2
21. Bh6 Nxa1 22. Bxf8 Rxf8 23. Rxa1 Bd8 24. Qg3 Bb6 25. Rf1 Qa4 26. Qd3 Qxa2 27. Bxg6 Rxf2 28. Rxf2 Qxb2 29. Bxh7+ Kh8
0-1

[Event "INDIAN OPEN (superfast) KO#4"]
[Site "SchemingMind.com"]
[Date "2015.04.01"]
[Round "-"]
[White "frankly"]
[Black "MazetaFighter"]
[Result "1-0"]
[WhiteCountry "ENG"]
[BlackCountry "GRE"]
[WhiteElo "2421"]
[WhiteRD "63"]
[BlackElo "2008"]
[BlackRD "76"]
[GameID "377717"]

1. d4 Nf6 2. Nf3 e6 3. Bf4 c5 4. e3 Qb6 5. Na3 d5 6. Nb5 Na6 7. a4 Be7 8. dxc5 Qxc5 9. Bd3 O-O 10. c3 Bd7
11. b4 Qb6 12. Be5 Rfc8 13. Bd4 Qd8 14. Nxa7 Rxa7 15. Bxa7 Rxc3 16. Bd4 Rxd3 17. Qxd3 Bxb4+ 18. Ke2 Ne4 19. Rhc1
1-0

[Event "INDIAN OPEN (superfast) KO#4"]
[Site "SchemingMind.com"]
[Date "2015.04.11"]
[Round "-"]
[White "AK-49"]
[Black "ray winteringham"]
[Result "1-0"]
[WhiteCountry "IND"]
[BlackCountry "ENG"]
[WhiteElo "2071"]
[WhiteRD "92"]
[BlackElo "1535"]
[BlackRD "50"]
[GameID "378382"]

1. e4 c5 2. Nf3 d6 3. d4 cxd4 4. Nxd4 e5 5. Bb5+ Bd7 6. Bxd7+ Nxd7 7. Nf5 f6 8. Qd5 Qc7 9. Nc3 Ne7 10. Nxd6+ Kd8
11. Nf7+ Ke8 12. Qd6 Qxd6 13. Nxd6+
1-0

[Event "INDIAN OPEN (superfast) KO#4"]
[Site "SchemingMind.com"]
[Date "2015.04.12"]
[Round "-"]
[White "ray winteringham"]
[Black "AK-49"]
[Result "0-1"]
[WhiteCountry "ENG"]
[BlackCountry "IND"]
[WhiteElo "1535"]
[WhiteRD "50"]
[BlackElo "2071"]
[BlackRD "92"]
[GameID "378383"]

1. e4 e5 2. Nf3 Nc6 3. Be2 Nf6 4. d3 d5 5. Bg5 dxe4 6. dxe4 Qxd1+ 7. Bxd1 Nxe4 8. O-O Nxg5 9. Nxg5 Be7 10. Ne4 f5
11. Ng3 g6 12. Nc3 Be6 13. b3 O-O-O 14. Nce2 Bg5 15. f4 exf4 16. Nxf4 Bf7 17. Nh3 Bf6 18. Bf3 Bd4+ 19. Kh1 Bxa1 20. Rxa1 Nd4
21. Ng1 Nxc2 22. Rc1 Nb4 23. a3 Nd3 24. Rc2 Bxb3 25. Rc3 Nf2#
0-1

[Event "INDIAN OPEN (superfast) KO#4"]
[Site "SchemingMind.com"]
[Date "2015.04.14"]
[Round "-"]
[White "frankly"]
[Black "Helga1946"]
[Result "1/2-1/2"]
[WhiteCountry "ENG"]
[BlackCountry "GER"]
[WhiteElo "2441"]
[WhiteRD "62"]
[BlackElo "2225"]
[BlackRD "77"]
[GameID "378450"]

1. d4 Nf6 2. Nf3 d5 3. c4 e6 4. Nc3 c5 5. cxd5 cxd4 6. Qxd4 exd5 7. e4 Nc6 8. Bb5 dxe4 9. Qxd8+ Kxd8 10. Ng5 Ke8
11. O-O Bf5 12. Re1 Rd8 13. Ngxe4 Nxe4 14. Nxe4 Bb4 15. Nc3+ Kf8 16. Bxc6 bxc6 17. Be3 f6 18. Bxa7 Kf7 19. a3 Bd6 20. Red1 Be5
21. a4 Rxd1+ 22. Rxd1 Bxc3 23. bxc3 Ra8 24. Bc5 Rxa4 25. f3 Rc4 26. Bb4 c5 27. Ba5 h5 28. Rd5 Ke6 29. Rd2 h4 30. g4 Bh7
31. Kg2 Bb1=
1/2-1/2

[Event "INDIAN OPEN (superfast) KO#4"]
[Site "SchemingMind.com"]
[Date "2015.04.14"]
[Round "-"]
[White "Helga1946"]
[Black "frankly"]
[Result "1-0"]
[WhiteCountry "GER"]
[BlackCountry "ENG"]
[WhiteElo "2225"]
[WhiteRD "77"]
[BlackElo "2441"]
[BlackRD "62"]
[GameID "378451"]

1. c4 e5 2. Nc3 Nc6 3. Nf3 Nf6 4. e3 Bb4 5. d4 d6 6. Bd2 exd4 7. exd4 O-O 8. Be2 Bg4 9. Be3 Ne4 10. Qc2 f5
11. O-O Bxc3 12. bxc3 Qf6 13. Rae1 Rae8 14. h3 Bh5 15. Bc1 h6 16. Bd3 Bxf3 17. gxf3 Ng5 18. Kg2 Ne7 19. h4 Ne6 20. h5 f4
21. Rh1 c6 22. Re4 a6 23. a4 Nf5 24. d5 Nh4+ 25. Rxh4 Qxh4 26. Rxe6 Rxe6 27. dxe6 Qg5+ 28. Kf1 Qxh5 29. e7 Re8 30. Bxf4 Rxe7
31. Kg2 Re8 32. Bg6
1-0

[Event "INDIAN OPEN (superfast) KO#4"]
[Site "SchemingMind.com"]
[Date "2015.04.23"]
[Round "-"]
[White "kenneth m day"]
[Black "renegade"]
[Result "0-1"]
[WhiteCountry "USA"]
[BlackCountry "ENG"]
[WhiteElo "1733"]
[WhiteRD "54"]
[BlackElo "1883"]
[BlackRD "81"]
[GameID "378971"]

1. e4 b6 2. Nc3 Bb7 3. Nf3 e6 4. d4 Bb4 5. Bd2 Bxc3 6. Bxc3 Bxe4 7. Bd3 Nf6 8. Qe2 d5 9. Bb5+ c6 10. Ba4 O-O
11. O-O-O b5 12. Bb3 a5 13. a4 b4 14. Bd2 Qb6 15. Be3 Ng4 16. h3 Nxe3 17. fxe3 Nd7 18. Ng5 Bg6 19. h4 Nf6 20. g4 Ne4
21. Nf3 Ng3 22. Qh2 Nxh1 23. Rxh1 h5 24. Ne5 Qc7 25. Qe2 Be4 26. Rg1 f6 27. Nd3 hxg4 28. Qxg4 Qf7 29. Nf4 Bf5 30. Qg3 Ra7
31. c3 Kh7 32. Kd2 Rg8 33. Bd1 c5 34. h5 e5 35. dxe5 fxe5 36. Nd3 Bxd3 37. Kxd3 Qf5+ 38. Kd2 Ra6 39. Bg4 bxc3+ 40. bxc3 Qg5
41. Qh3 Rf6 42. Rg2 Rgf8 43. Bf3 Qf5 44. Bg4 Qe4 45. Be2 c4 46. Qg3 R8f7 47. Bd1 Qd3+ 48. Kc1 Rb6 49. Qg6+ Rxg6 50. hxg6+ Qxg6
51. Bc2 e4 52. Rxg6 Kxg6 53. Kd1 Rf2 54. Bb1 Kh5 55. Ke1 Rb2
0-1

[Event "INDIAN OPEN (superfast) KO#4"]
[Site "SchemingMind.com"]
[Date "2015.04.23"]
[Round "-"]
[White "renegade"]
[Black "kenneth m day"]
[Result "0-1"]
[WhiteCountry "ENG"]
[BlackCountry "USA"]
[WhiteElo "1881"]
[WhiteRD "78"]
[BlackElo "1769"]
[BlackRD "52"]
[GameID "378972"]

1. d4 d5 2. c4 Nc6 3. cxd5 Qxd5 4. e3 e5 5. Nc3 Bb4 6. a3 Bxc3+ 7. bxc3 Nf6 8. c4 Qd6 9. d5 Ne7 10. a4 O-O
11. Ba3 Qd8 12. Nf3 Bg4 13. Be2 Bxf3 14. Bxf3 Re8 15. Qc2 Ng6 16. Bb2 e4 17. Bxf6 Qxf6 18. Ke2 exf3+ 19. gxf3 Ne5 20. Qe4 Ng6
21. Qg4 Nf4+ 22. Kd2 Qb2+
0-1

[Event "INDIAN OPEN (superfast) KO#4"]
[Site "SchemingMind.com"]
[Date "2015.05.07"]
[Round "-"]
[White "Keglevich"]
[Black "Scooter"]
[Result "1-0"]
[WhiteCountry "CRO"]
[BlackCountry "USA"]
[WhiteElo "1926"]
[WhiteRD "105"]
[BlackElo "1726"]
[BlackRD "46"]
[GameID "379577"]

1. e4 c6 2. Nc3 d5 3. Nf3 dxe4 4. Nxe4 Bf5 5. Qe2 Bxe4 6. Qxe4 Nf6 7. Qh4 e6 8. d4 Be7 9. Bg5 Nd5 10. Bxe7 Qxe7
11. Qxe7+ Nxe7 12. O-O-O O-O 13. Bc4 Nd7 14. Ne5 Rad8 15. f4 Nxe5 16. dxe5 Nd5 17. Bxd5 cxd5 18. g4 Rc8 19. Rhf1= Rc7 20. f5 Rfc8
21. c3 b5 22. Rd4 b4 23. Rxb4
1-0

[Event "INDIAN OPEN (superfast) KO#4"]
[Site "SchemingMind.com"]
[Date "2015.05.08"]
[Round "-"]
[White "Scooter"]
[Black "Keglevich"]
[Result "0-1"]
[WhiteCountry "USA"]
[BlackCountry "CRO"]
[WhiteElo "1726"]
[WhiteRD "46"]
[BlackElo "1926"]
[BlackRD "105"]
[GameID "379578"]

1. d4 f5 2. Nf3 Nf6 3. Bf4 e6 4. e3 Be7 5. Be2 O-O 6. O-O b6 7. Nbd2 Bb7 8. h3 d6 9. c4 Nbd7 10. a3 c5
11. Ng5 e5 12. Ne6 Qe8 13. Nxf8 exf4 14. Nxd7 Nxd7 15. d5 fxe3 16. fxe3 Qg6 17. Bd3 Rf8 18. Nf3 Ne5 19. Nh4 Bxh4 20. Rf4 Qg3
21. Bxf5 Qxe3+
0-1

[Event "INDIAN OPEN (superfast) KO#4"]
[Site "SchemingMind.com"]
[Date "2015.06.07"]
[Round "-"]
[White "Keglevich"]
[Black "Helga1946"]
[Result "0-1"]
[WhiteCountry "CRO"]
[BlackCountry "GER"]
[WhiteElo "1807"]
[WhiteRD "96"]
[BlackElo "2274"]
[BlackRD "76"]
[GameID "381536"]

1. e4 c5 2. Nf3 d6 3. Bb5+ Nd7 4. O-O a6 5. Bd3 e6 6. c3 b5 7. Bc2 Ngf6 8. d4 Bb7 9. Re1 cxd4 10. cxd4 Be7
11. Nbd2 Qc7 12. Nf1 O-O 13. Ng3 g6 14. Bh6 Rfc8 15. Rc1 Qa5 16. Bb1 Bf8 17. Bxf8 Rxc1 18. Qxc1 Rxf8 19. a3 Rc8 20. Qh6 Qd8
21. h3 Qf8 22. Qd2 Nb6 23. b3 Qd8 24. Rc1 Rxc1+
0-1

[Event "INDIAN OPEN (superfast) KO#4"]
[Site "SchemingMind.com"]
[Date "2015.06.07"]
[Round "-"]
[White "Helga1946"]
[Black "Keglevich"]
[Result "1-0"]
[WhiteCountry "GER"]
[BlackCountry "CRO"]
[WhiteElo "2274"]
[WhiteRD "76"]
[BlackElo "1807"]
[BlackRD "96"]
[GameID "381537"]

1. c4 Nf6 2. d4 e6 3. Nc3 Bb4 4. Qc2 d5 5. e3 O-O 6. Nf3 b6 7. cxd5 exd5 8. Be2 c5 9. O-O Nc6 10. dxc5 bxc5
11. Na4 c4 12. b3 Na5 13. Bd2 Bxd2 14. Nxd2 Ba6 15. bxc4 Nxc4 16. Nxc4 Bxc4 17. Bxc4 Rc8 18. Nb2 dxc4 19. Nxc4 Rc5 20. Qa4 Qc7
21. Nd2 Rc8 22. Rab1
1-0

[Event "INDIAN OPEN (superfast) KO#4"]
[Site "SchemingMind.com"]
[Date "2015.06.19"]
[Round "-"]
[White "kenneth m day"]
[Black "AK-49"]
[Result "0-1"]
[WhiteCountry "USA"]
[BlackCountry "IND"]
[WhiteElo "1662"]
[WhiteRD "51"]
[BlackElo "2211"]
[BlackRD "87"]
[GameID "382340"]

1. e4 e5 2. f4 exf4 3. Nf3 g5 4. h4 g4 5. Ne5 Qe7 6. d4 d6 7. Nxg4 Qxe4+ 8. Qe2 Qe7 9. Qxe7+ Bxe7 10. Nf2 Nf6
11. Bxf4 Nc6 12. Bb5 Rg8 13. g3 Bd7 14. c3 Nh5 15. Nd2 O-O-O 16. O-O-O Nxg3 17. Bxg3 Rxg3 18. Nfe4 Rg7 19. Rdg1 Rxg1+ 20. Rxg1 f5
21. Ng5 Rg8 22. Ndf3 h6 23. Nh3 Rg4 24. h5 Bf6 25. Re1 Rg3 26. Nhg1 a6 27. Be2 Ne7 28. Bd1 Nd5 29. Nd2 Bg5 30. Nf3 Bf4
31. Rg1 Rg4 32. Rh1 Rg2 33. Re1 Bc6 34. Re2 Rg3 35. Rf2 Ne3 36. Be2 Rh3 37. b3 Bg3 38. Bf1 Rh1 39. Re2 f4
0-1

[Event "INDIAN OPEN (superfast) KO#4"]
[Site "SchemingMind.com"]
[Date "2015.06.19"]
[Round "-"]
[White "AK-49"]
[Black "kenneth m day"]
[Result "1-0"]
[WhiteCountry "IND"]
[BlackCountry "USA"]
[WhiteElo "2162"]
[WhiteRD "93"]
[BlackElo "1692"]
[BlackRD "52"]
[GameID "382341"]

1. d4 d5 2. c4 Nc6 3. Nf3 Bg4 4. cxd5 Bxf3 5. gxf3 Qxd5 6. e3 e5 7. Nc3 Bb4 8. Bd2 Bxc3 9. bxc3 Nf6 10. c4 Qd7
11. d5 Ne7 12. Bc3 Ng6 13. h4 O-O 14. h5 Ne7 15. Bxe5 Nf5 16. Bxf6 gxf6 17. Bh3 Rfe8 18. Qd3 Re5 19. f4 Re7 20. Rg1+ Kh8
21. Qc3 Ree8 22. Qxf6+
1-0

[Event "INDIAN OPEN (superfast) KO#4"]
[Site "SchemingMind.com"]
[Date "2015.08.05"]
[Round "-"]
[White "AK-49"]
[Black "Helga1946"]
[Result "1/2-1/2"]
[WhiteCountry "IND"]
[BlackCountry "GER"]
[WhiteElo "2211"]
[WhiteRD "87"]
[BlackElo "2276"]
[BlackRD "72"]
[GameID "384105"]

1. d4 Nf6 2. c4 e6 3. Nc3 Bb4 4. Bd2 b6 5. Nf3 Bb7 6. e3 Bxc3 7. Bxc3 Ne4 8. Be2 Nxc3 9. bxc3 O-O 10. O-O Qe7
11. Nd2 c5 12. a4 Nc6 13. Nb3 d5 14. a5 dxc4 15. Bxc4 Rac8 16. axb6 axb6 17. Qe2 cxd4 18. cxd4 Nb4 19. Nd2 Rc7 20. Rfc1 Rfc8
21. Qf1 g6 22. Be2 Kg7 23. Rxc7 Rxc7 24. Rb1 Rc3 25. Nc4 Be4 26. Ra1=
1/2-1/2

[Event "INDIAN OPEN (superfast) KO#4"]
[Site "SchemingMind.com"]
[Date "2015.08.06"]
[Round "-"]
[White "Helga1946"]
[Black "AK-49"]
[Result "1/2-1/2"]
[WhiteCountry "GER"]
[BlackCountry "IND"]
[WhiteElo "2276"]
[WhiteRD "72"]
[BlackElo "2211"]
[BlackRD "87"]
[GameID "384106"]

1. e4 e5 2. Nf3 Nc6 3. Bb5 a6 4. Bxc6 dxc6 5. O-O Qf6 6. d4 exd4 7. Bg5 Qd6 8. Nxd4 Be7 9. Bxe7 Nxe7 10. Nc3 O-O
11. Nb3 Qf6 12. f4 b6 13. Qf3 a5 14. Rad1 c5 15. f5 Ba6 16. Rf2 Rad8 17. Rfd2 Rxd2 18. Nxd2 b5 19. Nb3 b4 20. Nxc5 bxc3
21. Nd7 Qh6 22. Nxf8 cxb2 23. Ne6 Qc1 24. Qf1 Qe3+ 25. Qf2 Qxf2+=
1/2-1/2